00680nam a2200193 a 4500008004100000020001500041050001300056100002200069245017200091260003900263300001900302350000900321490003000330650002200360650003500382650003200417700002200449710001500471070507s2007 ||||||||||||||||| || u a0821368788 aIBRD(08) aO'Sullivan, Kyran10aEnergy policies and multitopic household surveys: guidelines for questionnaire design in living standards measurement studiescby Kyan O'sullivan and Douglas F. Barnes aWashington, D.C.bWorld Bankc2007 avii, 52p.:ill. a0.00 aWorld Bank Working Papers aHOUSEHOLD SURVEYS aHOUSEHOLDS--ENERGY CONSUMPTION aCOST AND STANDARD OF LIVING aBarnes, Douglas F aWorld Bank